<?xml version="1.0" encoding="UTF-8"?>
<record
    xmlns:xsi="http://www.w3.org/2001/XMLSchema-instance"
    xsi:schemaLocation="http://www.loc.gov/MARC21/slim http://www.loc.gov/standards/marcxml/schema/MARC21slim.xsd"
    xmlns="http://www.loc.gov/MARC21/slim">

  <leader>00920nam a22002417a 4500</leader>
  <controlfield tag="005">20170124105927.0</controlfield>
  <datafield tag="010" ind1=" " ind2=" ">
    <subfield code="a">A-597000</subfield>
  </datafield>
  <datafield tag="020" ind1=" " ind2=" ">
    <subfield code="a">8170245001</subfield>
    <subfield code="c">00.00</subfield>
  </datafield>
  <datafield tag="035" ind1=" " ind2=" ">
    <subfield code="a">A-597000</subfield>
  </datafield>
  <datafield tag="037" ind1=" " ind2=" ">
    <subfield code="b">Cen Lib/Ret</subfield>
  </datafield>
  <datafield tag="040" ind1=" " ind2=" ">
    <subfield code="a">DPL</subfield>
    <subfield code="b">EN</subfield>
  </datafield>
  <datafield tag="082" ind1=" " ind2=" ">
    <subfield code="a">305.908161</subfield>
    <subfield code="b">MIS</subfield>
  </datafield>
  <datafield tag="100" ind1=" " ind2=" ">
    <subfield code="a">Mishra, Bharat</subfield>
    <subfield code="9">7053</subfield>
  </datafield>
  <datafield tag="245" ind1=" " ind2=" ">
    <subfield code="a">Eminent blind persons of the world /</subfield>
    <subfield code="c">by Bharat Mishra</subfield>
  </datafield>
  <datafield tag="260" ind1=" " ind2=" ">
    <subfield code="a">New Delhi</subfield>
    <subfield code="b">Ashish publishing house</subfield>
    <subfield code="c">1992</subfield>
  </datafield>
  <datafield tag="270" ind1=" " ind2=" ">
    <subfield code="a">8/81,Panjabi Bagh</subfield>
    <subfield code="b">New Delhi</subfield>
    <subfield code="e">110026</subfield>
  </datafield>
  <datafield tag="300" ind1=" " ind2=" ">
    <subfield code="a">xiii,168p.</subfield>
    <subfield code="c">21cm(Hb)</subfield>
  </datafield>
  <datafield tag="650" ind1=" " ind2=" ">
    <subfield code="a">Differently abled person-famous personalities</subfield>
    <subfield code="9">7054</subfield>
  </datafield>
  <datafield tag="650" ind1=" " ind2=" ">
    <subfield code="a">World famous- personalities</subfield>
    <subfield code="9">7055</subfield>
  </datafield>
  <datafield tag="650" ind1=" " ind2=" ">
    <subfield code="a">&#x905;&#x932;&#x917; &#x922;&#x902;&#x917; &#x938;&#x947; &#x935;&#x93F;&#x915;&#x932;&#x93E;&#x902;&#x917; &#x935;&#x94D;&#x92F;&#x915;&#x94D;&#x924;&#x93F; &#x92A;&#x94D;&#x930;&#x938;&#x93F;&#x926;&#x94D;&#x927; &#x939;&#x938;&#x94D;&#x924;&#x93F;&#x92F;&#x94B;&#x902;</subfield>
    <subfield code="9">7056</subfield>
  </datafield>
  <datafield tag="650" ind1=" " ind2=" ">
    <subfield code="a">&#x935;&#x93F;&#x936;&#x94D;&#x935; &#x92A;&#x94D;&#x930;&#x938;&#x93F;&#x926;&#x94D;&#x927; &#x939;&#x938;&#x94D;&#x924;&#x93F;&#x92F;&#x94B;&#x902;</subfield>
    <subfield code="9">7057</subfield>
  </datafield>
  <datafield tag="942" ind1=" " ind2=" ">
    <subfield code="2">ddc</subfield>
    <subfield code="c">EN</subfield>
    <subfield code="h">305.908161</subfield>
    <subfield code="m">MIS</subfield>
  </datafield>
  <datafield tag="999" ind1=" " ind2=" ">
    <subfield code="c">123586</subfield>
    <subfield code="d">123586</subfield>
  </datafield>
  <datafield tag="952" ind1=" " ind2=" ">
    <subfield code="0">0</subfield>
    <subfield code="1">0</subfield>
    <subfield code="4">0</subfield>
    <subfield code="7">0</subfield>
    <subfield code="a">L</subfield>
    <subfield code="b">L</subfield>
    <subfield code="d">2015-06-09</subfield>
    <subfield code="e">Cen Lib/Ret</subfield>
    <subfield code="g">0.00</subfield>
    <subfield code="l">0</subfield>
    <subfield code="o">305.908161 MIS</subfield>
    <subfield code="p">A-597000</subfield>
    <subfield code="r">2015-06-09 00:00:00</subfield>
    <subfield code="t">1</subfield>
    <subfield code="v">0.00</subfield>
    <subfield code="w">2015-06-09</subfield>
    <subfield code="y">EN</subfield>
  </datafield>
</record>
